000 00942nam a2200277 i 4500
001 72850
003 ES-MaACL
005 20250927162916.0
007 t|
008 040903s1980 sp f |||| | spa d
020 _a84-252-1011-9
080 _a745.01
100 1 _aGombrich, E. H.
_957735
245 1 3 _aEl sentido de orden
_b: estudio sobre la psicología de las artes decorativas /
_cE.H. Gombrich ; versión castellana de Esteve Riambau i Sauri ; revisión bibliográfica por Joaquím Romaguera i Ramió.
260 _aBarcelona :
_bGustavo Gili,
_c1980.
300 _a498 p., 36 lám. ;
_c25 cm.
490 1 _aGG Arte
500 _aÍndice.
504 _aBibliografía.
650 7 _aArtes decorativas
_2embne
_9135625
700 1 _aRiambau, Esteve,
_d1925-1994
_9156353
700 1 _aRomaguera i Ramió, Joaquim.
_999205
830 0 _aGG Arte
_9231132
852 _aES-MaACL
_jL-9457
999 _c72850
_d72850